Sociology for social workers / (Record no. 11535)

MARC details
000 -LEADER
fixed length control field 01153nam a22003497i 4500
003 - CONTROL NUMBER IDENTIFIER
control field URS
005 - DATE AND TIME OF LATEST TRANSACTION
control field 20220117094630.0
008 - FIXED-LENGTH DATA ELEMENTS--GENERAL INFORMATION
fixed length control field 180516b xxu||||| |||| 00| 0 eng d
010 ## - LIBRARY OF CONGRESS CONTROL NUMBER
LC control number 2014016836
020 ## - INTERNATIONAL STANDARD BOOK NUMBER
International Standard Book Number 9780745660325 (hardcover)
020 ## - INTERNATIONAL STANDARD BOOK NUMBER
International Standard Book Number 9780745660332 (papercover)
040 ## - CATALOGING SOURCE
Original cataloging agency DLC
Language of cataloging eng
Transcribing agency URSR
Description conventions rda
Modifying agency DLC
042 ## - AUTHENTICATION CODE
Authentication code pcc
050 00 - LIBRARY OF CONGRESS CALL NUMBER
Classification number HM585
Item number .L7706 2015
082 00 - DEWEY DECIMAL CLASSIFICATION NUMBER
Classification number 361.3/2
Edition number 23
100 1# - MAIN ENTRY--PERSONAL NAME
Personal name Llewellyn, Anne.,
Relator term author
245 10 - TITLE STATEMENT
Title Sociology for social workers /
Statement of responsibility, etc. Anne Llewellyn, Lorraine Agu and David Mercer.
250 ## - EDITION STATEMENT
Edition statement Second edition.
264 #1 - PRODUCTION, PUBLICATION, DISTRIBUTION, MANUFACTURE, AND COPYRIGHT NOTICE
Place of production, publication, distribution, manufacture USA:
Name of producer, publisher, distributor, manufacturer Polity Press,
Date of production, publication, distribution, manufacture, or copyright notice c2015
300 ## - PHYSICAL DESCRIPTION
Extent vi, 324 pages ;
Other physical details illustrationss :
Dimensions 25 cm
336 ## - CONTENT TYPE
Source rdacontent
Content type term text
337 ## - MEDIA TYPE
Source rdamedia
Media type term unmediated
338 ## - CARRIER TYPE
Source rdacarrier
Carrier type term volume
504 ## - BIBLIOGRAPHY, ETC. NOTE
Bibliography, etc. note Includes references and index
650 #0 - SUBJECT ADDED ENTRY--TOPICAL TERM
Topical term or geographic name entry element Sociology.
650 #0 - SUBJECT ADDED ENTRY--TOPICAL TERM
Topical term or geographic name entry element Social case work.
700 1# - ADDED ENTRY--PERSONAL NAME
Personal name Agu, Lorraine.
700 1# - ADDED ENTRY--PERSONAL NAME
Personal name Mercer, David,
Dates associated with a name 1957-
906 ## - LOCAL DATA ELEMENT F, LDF (RLIN)
a 7
b cbc
c orignew
d 1
e ecip
f 20
g y-gencatlg
942 ## - ADDED ENTRY ELEMENTS (KOHA)
Source of classification or shelving scheme Library of Congress Classification
Koha item type Foreign Books
Holdings
Withdrawn status Source of classification or shelving scheme Damaged status Not for loan Home library Current library Shelving location Date acquired Total Checkouts Full call number Barcode Date last seen Price effective from Koha item type
  Library of Congress Classification     Rodriguez College Library Rodriguez College Library Reference 05/16/2018   HM585 .L7706 2015 URSROD-4306 05/16/2018 05/16/2018 Foreign Books

University of Rizal System
Email us at univlibservices@urs.edu.ph

Visit our Website www.urs.edu.ph/library